[Event "EU-ch U12"]
[Site "Bratislava"]
[Date "2019.08.09"]
[Round "8"]
[White "Volpi, Alessandro"]
[Black "Kien, Lancelot"]
[Result "0-1"]
[WhiteElo "1196"]
[BlackElo "1293"]
[PlyCount "86"]
[EventDate "2019.08.02"]
[EventType "swiss"]
[EventRounds "9"]
[EventCountry "SVK"]
[SourceTitle "EXT 2020"]
[Source "ChessBase"]
[SourceDate "2019.10.17"]
[SourceVersion "1"]
[SourceVersionDate "2019.10.17"]
[SourceQuality "1"]

1. c4 e5 2. Nc3 Nf6 3. g3 c6 4. Bg2 d5 5. cxd5 cxd5 6. e3 Nc6 7. d4 e4 8. Nge2 Bf5 9. a3 Be7 10. 0-0 0-0 11. Nf4 Qd7 12. Qb3 Rad8 13. h3 b6 14. Kh2 Be6 15. Nxe6 Qxe6 16. Bd2 Na5 17. Qc2 Rc8 18. Qd1 Nc4 19. b3 Nxa3 20. Ra2 a6 21. Qa1 Nb5 22. Rxa6 Nxc3 23. Bxc3 Rc6 24. Qa4 Rxc3 25. Qb5 Nd7 26. Rfa1 Qc6 27. Qxc6 Rxc6 28. Ra7 Rd8 29. h4 Bb4 30. Bh3 Nf6 31. R1a4 Be1 32. Bd7 Nxd7 33. Rxd7 Rf8 34. Kg2 Rc2 35. Rxd5 Bxf2 36. Re5 Bxe3+ 37. Kf1 Rd2 38. Rxe4 Bf2 39. Rg4 Re8 40. Re4 Kf8 41. Rg4 Re1+ 42. Kg2 Bxd4+ 43. Kh3 Rh1# 0-1

[Event "EU-ch U12"]
[Site "Bratislava"]
[Date "2019.08.04"]
[Round "3"]
[White "Stogr, Viktor"]
[Black "Kien, Lancelot"]
[Result "1/2-1/2"]
[WhiteElo "1583"]
[BlackElo "1293"]
[PlyCount "67"]
[EventDate "2019.08.02"]
[EventType "swiss"]
[EventRounds "9"]
[EventCountry "SVK"]
[SourceTitle "EXT 2020"]
[Source "ChessBase"]
[SourceDate "2019.10.17"]
[SourceVersion "1"]
[SourceVersionDate "2019.10.17"]
[SourceQuality "1"]

1. e4 e5 2. Nf3 Nc6 3. d4 exd4 4. Nxd4 Nf6 5. Nxc6 bxc6 6. e5 Nd5 7. c4 Nb6 8. b3 Bc5 9. g3 0-0 10. Bg2 Re8 11. 0-0 Rxe5 12. Bb2 Re8 13. Nd2 d5 14. Qc2 Be7 15. Rad1 Bf6 16. Bxf6 Qxf6 17. cxd5 Nxd5 18. Rc1 Bb7 19. Bxd5 cxd5 20. Qxc7 Rab8 21. Qc5 a6 22. Rfe1 Qb2 23. Rxe8+ Rxe8 24. Qc2 Qe5 25. Nf3 Qd6 26. Rd1 h6 27. Qd3 Qf6 28. Ne1 Re7 29. Ng2 g5 30. Ne3 Qc6 31. Qd4 Qe6 32. Qd3 Qc6 33. Qd4 f6 34. Ng4 1/2-1/2

[Event "EU-ch U12 28th"]
[Site "Riga"]
[Date "2018.08.21"]
[Round "2"]
[White "Lye, Sverre"]
[Black "Kien, Lancelot"]
[Result "1-0"]
[WhiteElo "1591"]
[BlackElo "1205"]
[PlyCount "47"]
[EventDate "2018.08.20"]
[EventType "swiss"]
[EventRounds "9"]
[EventCountry "LAT"]
[SourceTitle "CBM 186 Extra"]
[Source "ChessBase"]
[SourceDate "2018.08.24"]
[SourceVersion "1"]
[SourceVersionDate "2018.08.24"]
[SourceQuality "1"]

1. e4 e5 2. Nf3 Nc6 3. Bb5 d6 4. d4 Bd7 5. dxe5 Nxe5 6. Nxe5 Bxb5 7. Qd5 dxe5 8. Qxe5+ Qe7 9. Qxb5+ c6 10. Qe2 0-0-0 11. Nc3 Nf6 12. 0-0 g6 13. Bf4 Bg7 14. Rfd1 Rhe8 15. Rxd8+ Rxd8 16. Re1 Rd4 17. a3 b6 18. Qe3 c5 19. Nb5 Rxe4 20. Nd6+ Qxd6 21. Bxd6 Rxe3 22. Rxe3 Nd5 23. Rd3 Nf6 24. Be5 1-0

[Event "EU-ch U10 26th"]
[Site "Prague"]
[Date "2016.08.24"]
[Round "6"]
[White "Thorisson, Benedikt"]
[Black "Kien, Lancelot"]
[Result "1-0"]
[WhiteElo "1265"]
[BlackElo "1107"]
[PlyCount "43"]
[EventDate "2016.08.18"]
[EventType "swiss"]
[EventRounds "9"]
[EventCountry "CZE"]
[SourceTitle "CBM 174 Extra"]
[Source "ChessBase"]
[SourceDate "2016.10.10"]
[SourceVersion "1"]
[SourceVersionDate "2016.10.10"]
[SourceQuality "1"]

1. e4 e5 2. Nf3 Nc6 3. d4 exd4 4. Bc4 h6 5. 0-0 Nf6 6. e5 d5 7. Bb5 a6 8. Ba4 Ne4 9. Nxd4 b5 10. Nxc6 Qd7 11. Bb3 Qxc6 12. Bxd5 Qg6 13. Qf3 Nc5 14. Bxf7+ Qxf7 15. Qxa8 Qf5 16. Nc3 Ne4 17. f3 Ng5 18. Rd1 Bb4 19. Rd3 Kf7 20. Rd4 a5 21. Rf4 Qxf4 22. Bxf4 1-0

[Event "EU-ch U10 26th"]
[Site "Prague"]
[Date "2016.08.20"]
[Round "3"]
[White "Kien, Lancelot"]
[Black "Krasevec, Jan"]
[Result "0-1"]
[WhiteElo "1107"]
[BlackElo "1336"]
[PlyCount "120"]
[EventDate "2016.08.18"]
[EventType "swiss"]
[EventRounds "9"]
[EventCountry "CZE"]
[SourceTitle "CBM 174 Extra"]
[Source "ChessBase"]
[SourceDate "2016.10.10"]
[SourceVersion "1"]
[SourceVersionDate "2016.10.10"]
[SourceQuality "1"]

1. e4 c5 2. Nf3 d6 3. d4 cxd4 4. Bb5+ Bd7 5. Bc4 Nc6 6. Ng5 e6 7. Nf3 Nf6 8. Bg5 Be7 9. Nbd2 Qb6 10. b3 0-0 11. 0-0 h6 12. Bf4 Nh5 13. Bg3 Nxg3 14. fxg3 Bf6 15. Rc1 d3+ 16. Kh1 dxc2 17. Qxc2 Nd4 18. Nxd4 Qxd4 19. Rcd1 Qb2 20. Qd3 Qd4 21. Qxd4 Bxd4 22. Nf3 Bc5 23. e5 d5 24. Bd3 f6 25. exf6 Rxf6 26. Ne5 Rd8 27. Ng4 Rxf1+ 28. Rxf1 Rf8 29. Ne5 Rxf1+ 30. Bxf1 Be8 31. Be2 Bd6 32. Nd3 Bb5 33. Kg1 e5 34. a4 Ba6 35. Kf1 e4 36. Nf2 Bxe2+ 37. Kxe2 Kf7 38. Ke3 Bc5+ 39. Ke2 Bxf2 40. Kxf2 d4 41. Ke2 Ke6 42. Kd2 Kd5 43. Ke2 Kc5 44. Kd2 Kb4 45. Ke2 Kxb3 46. Kd2 Kb2 47. g4 g5 48. g3 a5 49. h4 b6 50. h5 Kb3 51. Ke2 Kc2 52. Ke1 d3 53. Kf2 d2 54. Ke3 d1Q 55. Kxe4 Kc3 56. Ke3 Qe1+ 57. Kf3 Kd3 58. Kg2 Ke3 59. Kh2 Kf3 60. Kh3 Qxg3# 0-1